Nová hodvábna cesta - stratégia rozvoja spolupráce medzi Európou a Áziou diplomová práca

Enregistré dans:
Détails bibliographiques
Auteur principal: Lukáčová, Alexandra
Collectivité auteur: Obchodná fakulta EU. Katedra medzinárodného obchodu
Autres auteurs: Drieniková, Kristína, 1982-
Format: Livre
Langue:slovaque
Publié: Bratislava 2018
Tags: Ajouter un tag
Pas de tags, Soyez le premier à ajouter un tag!

MARC

LEADER 00000nbm a2200000 4500
001 0243207
005 20181003112954.8
041 0 |a slo 
044 |a SK 
245 1 0 |a Nová hodvábna cesta - stratégia rozvoja spolupráce medzi Európou a Áziou  |b diplomová práca  |c Alexandra Lukáčová ; školiteľ: Kristína Drieniková 
264 1 |a Bratislava  |c 2018 
300 |a 83 s. 
100 1 |a Lukáčová, Alexandra 
700 1 |a Drieniková, Kristína, 1982- 
710 2 |a Obchodná fakulta EU. Katedra medzinárodného obchodu